| 000 | 00834nam a22002175i 4500 | ||
|---|---|---|---|
| 001 | 53426 | ||
| 003 | ES-MaACL | ||
| 005 | 20250815062601.0 | ||
| 007 | t| | ||
| 008 | 950925s1878 sp ||||1| spa d | ||
| 040 |
_aCAM _bspa _cCAM |
||
| 100 | 1 |
_aEspaña Lledó, José. _947761 |
|
| 245 | 1 | 0 |
_aPrograma cronológico y bibliográfico de Historia Universal _b: precedido de una introducción al estudio de la Historia / _cpor José España y Lledó. |
| 260 |
_aCastellón : _bRovira Hermanos, _c1878. |
||
| 300 |
_a159 p. ; _c18 cm. |
||
| 530 | _aDisponible también en sitio web. | ||
| 650 | 7 |
_aHistoria universal _2embne _913429 |
|
| 852 |
_aES-MaACL _jT-293-F-1 |
||
| 856 |
_uhttp://bibliotecadigitalhispanica.bne.es:80/webclient/DeliveryManager?pid=3479233&custom_att_2=simple_viewer _zIr a la página |
||
| 999 |
_c53426 _d53426 |
||